1610 1349 1852 1698 1789 1681 1752 1551 1985 1266 1111 1336 1652 1360 1359 1071 1457 1036 1645 1601 1144 1290 1215 1043 1455 1825 1049 1358 1755 1029 1109 1082 1521 1876 1855 1599 1759 1895 1731 1173 1247 1752 1158 1999 1828 1026 1127 1504 1228 1815 1857 1080 1303 1590 1913 1219 1762 1457 1081 1833 1482 1847 1969 1259 1730 1279 1488 1201 1335 1826 1555 1408 1016 1236 1321 1007 1929 1414 1204 1093 1748 1519 1732 1027 1512 1315 1899 1382 1589 1013 1688 1714 1875 1514 1801 1012 1980 1784 1252 BCNSPRNW ULIB Ver.6.0+V

เปลี่ยนเป็นภาษาไทย

Change to English
 แสดงรายละเอียดบรรณานุกรม
  กลับหน้าหลัก

Brief Record : Get Marc (ISO 2709) : E-mail record : QR code < ปิดหน้าต่าง
LEADER : 00000nam 2200000uu 4500
001    13399113579
003     ULIB
008    110627s2552||||th 000 0 tha d
020    9786167081137
090    นว.^bก217ล 2552
100 0  กระต่ายหมายจันทร์
245 00 เล่ห์รักวิวาห์ชุลมุน/^cกระต่ายหมายจันทร์
250    พิมพ์ครั้งที่ 1
260    กรุงเทพฯ :^bสมาร์ทบุ๊ค,^c2552
300    376 หน้า
710 1  สมาร์ทบุ๊ค
945    ^p240^l0^i028721
995    ทศพร
999 ^a ใช้งานได้ทุกระบบ
รายการนี้ยังไม่มีแท็ก
คุณยังไม่ได้ล็อกอิน คุณสามารถมีกิจกรรมร่วมกับเว็บไซต์ได้ แต่ต้องล็อกอินก่อน ::
  ล็อกอิน

รายการสื่อสารสนเทศ

ลำดับที่ ประเภท เลขเรียก/บาร์โค้ด สถานที่ สถานะ
1. นวนิยาย
นวนิยาย
นว. ก217ล 2552 ฉ.1 
  Barcode: 028721
ห้องสมุดวิทยาเขตสวรรค์ประชารักษ์
►นวนิยาย
บนชั้น
  ขอยืม

รายการใกล้เคียง
    ผู้แต่ง [กระต่ายหมายจันทร์]

BibComment


ยังไม่เคยถูกคอมเมนท์

คอมเมนท์ทรัพยากรรายการนี้
  คอมเมนท์: เล่ห์รักวิวาห์ชุล..


 Copyright 2026. Bcnsprnw @Library